<?xml version="1.0" encoding="UTF-8"?>
<record
    xmlns:xsi="http://www.w3.org/2001/XMLSchema-instance"
    xsi:schemaLocation="http://www.loc.gov/MARC21/slim http://www.loc.gov/standards/marcxml/schema/MARC21slim.xsd"
    xmlns="http://www.loc.gov/MARC21/slim">

  <leader>04253nab a2200289 i 4500</leader>
  <controlfield tag="003">BR-BrBNA</controlfield>
  <controlfield tag="005">20240715100007.0</controlfield>
  <controlfield tag="008">240715b2016    bl.qr|pooa||| 00| 0 por |</controlfield>
  <datafield tag="040" ind1=" " ind2=" ">
    <subfield code="a">BR-BrBNA</subfield>
    <subfield code="b">por</subfield>
  </datafield>
  <datafield tag="072" ind1=" " ind2=" ">
    <subfield code="a">F60</subfield>
  </datafield>
  <datafield tag="100" ind1=" " ind2=" ">
    <subfield code="a">Queiroz, T.B.</subfield>
  </datafield>
  <datafield tag="100" ind1=" " ind2=" ">
    <subfield code="a">Mendes, A.D.R.</subfield>
  </datafield>
  <datafield tag="100" ind1=" " ind2=" ">
    <subfield code="a">Silva, J.C.R.L.</subfield>
  </datafield>
  <datafield tag="100" ind1=" " ind2=" ">
    <subfield code="a">Fonseca, F.S.A.</subfield>
  </datafield>
  <datafield tag="100" ind1=" " ind2=" ">
    <subfield code="a">Martins, E.R.</subfield>
  </datafield>
  <datafield tag="245" ind1=" " ind2=" ">
    <subfield code="a">Teor e composi&#xE7;&#xE3;o qu&#xED;mica do &#xF3;leo essencial de erva-baleeira (Varronia curassavica Jaqc.) em fun&#xE7;&#xE3;o dos hor&#xE1;rios de coleta</subfield>
  </datafield>
  <datafield tag="500" ind1=" " ind2=" ">
    <subfield code="a">Publica&#xE7;&#xE3;o on-line; 31 ref.; 2 tables; 2 illus.; Summaries (En, Pt)</subfield>
  </datafield>
  <datafield tag="520" ind1=" " ind2=" ">
    <subfield code="a">

RESUMO: 

A erva-baleeira (Varronia curassavica Jaqc.) &#xE9; uma importante planta medicinal,
com ocorr&#xEA;ncias em v&#xE1;rios biomas brasileiros, dela &#xE9; poss&#xED;vel extrair &#xF3;leo essencial utilizado
na produ&#xE7;&#xE3;o de fitoter&#xE1;picos. O objetivo deste trabalho foi estudar o efeito do hor&#xE1;rio de coleta
das folhas sobre o teor e os constituintes qu&#xED;micos do &#xF3;leo essencial da V. curassavica. As
folhas foram obtidas da cole&#xE7;&#xE3;o do germoplasma do Horto Medicinal do Instituto de Ci&#xEA;ncias
Agr&#xE1;rias da Universidade Federal de Minas Gerais (ICA/UFMG). Os tratamentos constaram de
cinco hor&#xE1;rios de coleta (6:00, 9:00, 12:00, 15:00 e 18:00 horas) e tr&#xEA;s repeti&#xE7;&#xF5;es, utilizando o
delineamento experimental inteiramente casualizado. O &#xF3;leo essencial foi extra&#xED;do pelo m&#xE9;todo
de hidrodestila&#xE7;&#xE3;o, utilizando-se o sistema Clevenger e a constitui&#xE7;&#xE3;o qu&#xED;mica determinada por
cromatografia em fase gasosa acoplada &#xE0; espectrometria de massas (CG/EM). O teor do &#xF3;leo
essencial n&#xE3;o sofreu influencia do hor&#xE1;rio de coleta. Entretanto, o hor&#xE1;rio de coleta influenciou
a composi&#xE7;&#xE3;o qu&#xED;mica do &#xF3;leo essencial de erva-baleeira. Os compostos majorit&#xE1;rios em todos
os hor&#xE1;rios de coleta foram &#x3B2;-cariofileno (22,6 a 27,4%), elixeno (14,9 a 17,2%) e &#x3B3;-muuroleno
(9,1 a 9,8%). J&#xE1; o composto de menor abund&#xE2;ncia relativa, sabineno (1,1 %), apresentou
ocorr&#xEA;ncia apenas as 6 h da manh&#xE3;.

Palavras-chave: Planta medicinal, caracteriza&#xE7;&#xE3;o qu&#xED;mica, monoterpenos, &#x3B2;-cariofileno,
&#x3B1;-humuleno.</subfield>
  </datafield>
  <datafield tag="520" ind1=" " ind2=" ">
    <subfield code="a">

ABSTRACT: 

Content and chemical composition of the essential oil of &#x2018;erva-baleeira&#x2019;
(Varronia curassavica Jaqc.) as a function of harvesting times. The erva-baleeira (Varronia
curassavica Jacq.) is an important medicinal plant which occurs in several Brazilian biomes,
from which it is possible to extract essential oil used in the production of herbal medicines. The
objective of this study was to observe the effect of the collection schedule for the leaves on the
content and the chemical constituents of the essential oil of V. curassavica. The leaves were
obtained from the germplasm collection of the Medicinal Garden of the Institute of Agricultural
Sciences at the Federal University of Minas Gerais (ICA/UFMG).
The treatments consisted of five collection schedules (6:00 and 9:00 AM, and 12:00, 3:00,
and 6:00 PM) and three replications, using a completely randomized design. The essential oil
was extracted by the hydrodistillation method, using the Clevenger system, and the chemical
composition was determined by gas chromatography with mass spectrometry (GC/MS).
The harvest time did not influence the content of the essential oil. However, the collection
schedule did influence the chemical composition of the essential oil of erva-baleeira. The major
compounds at all collection times were &#x3B2;-caryophyllene (22.6 to 27.4%), xylene (14.9 to 17.2%)
and &#x3B3;-muurolene (9.1 to 9.8%). The compound of lowest relative abundance, sabinene (1.1%),
was found only at 6 AM.

Keywords: medicinal plant, chemical characterization, monoterpenes, &#x3B2;-caryophyllene,
&#x3B1;-humulene</subfield>
  </datafield>
  <datafield tag="650" ind1=" " ind2=" ">
    <subfield code="a">PLANTA MEDICINAL</subfield>
  </datafield>
  <datafield tag="650" ind1=" " ind2=" ">
    <subfield code="a">COMPOSI&#xC7;&#xC3;O QU&#xCD;MICA</subfield>
  </datafield>
  <datafield tag="650" ind1=" " ind2=" ">
    <subfield code="a">&#xD3;LEO ESSENCIAL</subfield>
  </datafield>
  <datafield tag="773" ind1="0" ind2=" ">
    <subfield code="0">3543</subfield>
    <subfield code="9">316623</subfield>
    <subfield code="d">Botucatu-SP Instituto de Bioci&#xEA;ncias - Departamento de Qu&#xED;mica e Bioqu&#xED;mica 1998</subfield>
    <subfield code="o">2024-3140</subfield>
    <subfield code="t">Revista Brasileira de Plantas Medicinais (Brazil)</subfield>
    <subfield code="x">1516-0572</subfield>
    <subfield code="g">v. 18(1 suppl. 1) p. 356-362; (2016)</subfield>
    <subfield code="w">BR2024002026</subfield>
  </datafield>
  <datafield tag="856" ind1=" " ind2=" ">
    <subfield code="u">https://www.scielo.br/j/rbpm/a/b7nNjy9W4jQKZRrTnFfbjhR/?format=pdf&amp;lang=pt</subfield>
  </datafield>
  <datafield tag="942" ind1=" " ind2=" ">
    <subfield code="c">Anal&#xED;tica</subfield>
  </datafield>
  <datafield tag="999" ind1=" " ind2=" ">
    <subfield code="c">300516</subfield>
    <subfield code="d">300516</subfield>
  </datafield>
</record>
